<?xml version="1.0" encoding="UTF-8"?><?xml-stylesheet type="text/xsl" href="static/style.xsl"?><OAI-PMH xmlns="http://www.openarchives.org/OAI/2.0/" xmlns:xsi="http://www.w3.org/2001/XMLSchema-instance" xsi:schemaLocation="http://www.openarchives.org/OAI/2.0/ http://www.openarchives.org/OAI/2.0/OAI-PMH.xsd"><responseDate>2026-04-17T14:37:25Z</responseDate><request verb="GetRecord" identifier="oai:www.recercat.cat:10256/22175" metadataPrefix="marc">https://recercat.cat/oai/request</request><GetRecord><record><header><identifier>oai:recercat.cat:10256/22175</identifier><datestamp>2024-05-22T11:33:19Z</datestamp><setSpec>com_2072_452966</setSpec><setSpec>com_2072_2054</setSpec><setSpec>col_2072_452968</setSpec></header><metadata><record xmlns="http://www.loc.gov/MARC21/slim" xmlns:dcterms="http://purl.org/dc/terms/" xmlns:xsi="http://www.w3.org/2001/XMLSchema-instance" xmlns:doc="http://www.lyncode.com/xoai" xsi:schemaLocation="http://www.loc.gov/MARC21/slim http://www.loc.gov/standards/marcxml/schema/MARC21slim.xsd">
   <leader>00925njm 22002777a 4500</leader>
   <datafield ind2=" " ind1=" " tag="042">
      <subfield code="a">dc</subfield>
   </datafield>
   <datafield ind2=" " ind1=" " tag="720">
      <subfield code="a">Sánchez Cañigueral, Mar</subfield>
      <subfield code="e">author</subfield>
   </datafield>
   <datafield ind2=" " ind1=" " tag="260">
      <subfield code="c">2022</subfield>
   </datafield>
   <datafield ind2=" " ind1=" " tag="520">
      <subfield code="a">Introduction: Social prescription is the recommendation of health activities between a&#xd;
health professional and a person, with the aim of improving the health and well-being of the&#xd;
latter.&#xd;
The prevalence of mental health problems increases with age and in the female gender. It is&#xd;
also higher in people of lower social class and in people with a lower level of education.&#xd;
Anxiety and depression are the most frequent mental health disorders in our society.&#xd;
Social prescription is one more tool for health professionals to solve mental health&#xd;
problems, avoiding medicalization and unnecessary prescription of antidepressants and&#xd;
anxiolytics.&#xd;
&#xd;
Objective: The main objective of the study is to identify the effect of a social prescription&#xd;
program in people with anxiety and/or depression problems who follow controls in the basic&#xd;
health area of Cassà de la Selva.</subfield>
   </datafield>
   <datafield ind2=" " ind1=" " tag="520">
      <subfield code="a">Introducció: La prescripció social és la recomanació d’actius en salut que fa un professional&#xd;
de la salut a una persona, amb l’objectiu de millorar la salut i el benestar d’aquesta última.&#xd;
La prevalença de problemes de salut mental augmenta amb l’edat i en el gènere femení.&#xd;
També és més elevat en les persones de classe social menys afavorida i en les persones amb&#xd;
un nivell d’estudis més baix. L’ansietat i la depressió són els trastorns de salut mental més&#xd;
freqüents a la nostra societat.&#xd;
La prescripció social és una eina més pels professionals de la salut per tal de resoldre els&#xd;
problemes d’origen mental, evitant la medicalització i la prescripció innecessària&#xd;
d’antidepressius i ansiolítics.&#xd;
&#xd;
Objectiu: L’objectiu principal de l’estudi és identificar l’efecte d’un programa de prescripció&#xd;
social en persones amb problemes d’ansietat i/o depressió que segueixen controls a l’àrea&#xd;
bàsica de salut de Cassà de la Selva</subfield>
   </datafield>
   <datafield ind1="8" ind2=" " tag="024">
      <subfield code="a">http://hdl.handle.net/10256/22175</subfield>
   </datafield>
   <datafield tag="653" ind2=" " ind1=" ">
      <subfield code="a">Salut mental</subfield>
   </datafield>
   <datafield tag="653" ind2=" " ind1=" ">
      <subfield code="a">Mental health</subfield>
   </datafield>
   <datafield tag="653" ind2=" " ind1=" ">
      <subfield code="a">Serveis comunitaris de salut mental</subfield>
   </datafield>
   <datafield tag="653" ind2=" " ind1=" ">
      <subfield code="a">Community mental health services</subfield>
   </datafield>
   <datafield tag="653" ind2=" " ind1=" ">
      <subfield code="a">Infermeria en l'atenció primària</subfield>
   </datafield>
   <datafield tag="653" ind2=" " ind1=" ">
      <subfield code="a">Primary nursing</subfield>
   </datafield>
   <datafield tag="653" ind2=" " ind1=" ">
      <subfield code="a">Ansietat</subfield>
   </datafield>
   <datafield tag="653" ind2=" " ind1=" ">
      <subfield code="a">Anxiety</subfield>
   </datafield>
   <datafield tag="653" ind2=" " ind1=" ">
      <subfield code="a">Depressió psíquica</subfield>
   </datafield>
   <datafield tag="653" ind2=" " ind1=" ">
      <subfield code="a">Depression, Mental</subfield>
   </datafield>
   <datafield ind2="0" ind1="0" tag="245">
      <subfield code="a">Eficàcia d'un programa de prescripció social a l'atenció primària per persones amb ansietat i depressió: projecte de recerca</subfield>
   </datafield>
</record></metadata></record></GetRecord></OAI-PMH>